Business /

This book is about: American business today; management and organization; The human resource; Marketing; Information for business strategy and decision making; Finance and investment; ...

সংরক্ষণ করুন:
গ্রন্থ-পঞ্জীর বিবরন
প্রধান লেখক: Pride, William M.
অন্যান্য লেখক: Hughes, Robert J., Kapoor, Jack R.
বিন্যাস: গ্রন্থ
ভাষা:English
প্রকাশিত: Boston : Houghton Mifflin, 1999.
সংস্করন:6th ed.
বিষয়গুলি:
ট্যাগগুলো: ট্যাগ যুক্ত করুন
কোনো ট্যাগ নেই, প্রথমজন হিসাবে ট্যাগ করুন!
Thư viện lưu trữ: Mạng thư viện Đại học Đà Nẵng
LEADER 01226cam a2200397 i 4500
001 000048701
003 8424
005 20030320153122.0
008 010324|1999 vm 000 eng
020 |a 0395900808 
040 |a IRC  |c IRC  |d IRC 
041 0 |a eng 
082 1 4 |a 650  |b PR-W 
100 1 |a Pride, William M. 
245 0 0 |a Business /  |c William M. Pride, Robert J. Hughes and Jack R. Kapoor. 
250 |a 6th ed. 
260 |a Boston :  |b Houghton Mifflin,  |c 1999. 
300 |a 591 p. ;  |c 27.5cm. 
520 3 |a This book is about: American business today; management and organization; The human resource; Marketing; Information for business strategy and decision making; Finance and investment; ... 
630 0 4 |a Business enterprises. 
630 0 4 |a Industrial management. 
650 0 4 |a Industrial management  |z United States. 
650 0 4 |a Business enterprises  |z United States. 
650 0 4 |a Business. 
700 1 |a Hughes, Robert J. 
700 1 |a Kapoor, Jack R. 
OWN |a DUT 
999 |a From the UDN01 
TYP |a Monograph 
TYP |a Printed language 
980 |a Mạng thư viện Đại học Đà Nẵng